| 000 | nam a22 4500 | ||
|---|---|---|---|
| 999 |
_c9152 _d9152 |
||
| 008 | 180413b ||||| |||| 00| 0 eng d | ||
| 245 | _aPhivolcs needs more people to monitor more earthquakes. | ||
| 260 |
_aPhilippines _bManila Bulletin _cc2017 |
||
| 300 | _apage 3. | ||
| 650 | 0 |
_927340 _aNatural disasters. |
|
| 942 |
_2ddc _cPER |
||